| 000 | 00762nas a2200241 4500 | ||
|---|---|---|---|
| 001 | BR0706174 | ||
| 003 | BR-BrBNA | ||
| 005 | 20231205111240.0 | ||
| 007 | ta | ||
| 008 | 230509b bl.|||p| |||| 00| 00por d | ||
| 040 |
_aBR-BrBNA _bpor _cBiblioteca Nacional de Agricultura |
||
| 041 | _a(Pt) | ||
| 072 | _aH10 | ||
| 100 | 1 | _aSouza, L.A. de | |
| 100 | 1 | _aLemos, W. de P. | |
| 245 | 1 | _aProspecção de insetos associados ao açaizeiro (Euterpe oleracea Mart.)em viveiros e proposições de controle | |
| 650 | _aAÇAI | ||
| 650 | _aINSETO | ||
| 650 | _aPRAGA DE PLANTA | ||
| 773 | 0 |
_tRevista de Ciências Agrárias (Brazil) _xISSN 1517-591X _g(Jul-Dec 2004), v.42 p. 231-241 _wBR0706174 |
|
| 909 |
_a202311 _bLúcia _c55 _dLúcia Elande |
||
| 942 |
_2AGRIS _n0 _cANA |
||
| 999 |
_c191607 _d191607 |
||